Active listening Introducing skills and understanding

Gespeichert in:
Bibliographische Detailangaben
1. Verfasser: Helgesen, Marc
Format: Buch
Sprache:Undetermined
Veröffentlicht: Cambridge, UK Cambridge university press 1995
Schlagworte:
Tags: Tag hinzufügen
Keine Tags, Fügen Sie den ersten Tag hinzu!
Thư viện lưu trữ: Trung tâm Học liệu Trường Đại học Cần Thơ
LEADER 00713nam a2200217Ia 4500
001 CTU_52131
008 210402s9999 xx 000 0 und d
020 |c 146000 
082 |a 428.34 
082 |b H474 
100 |a Helgesen, Marc 
245 0 |a Active listening 
245 0 |b Introducing skills and understanding 
245 0 |c Marc Helgesen, Steven Brown 
260 |a Cambridge, UK 
260 |b Cambridge university press 
260 |c 1995 
650 |a Listening,Nghe,English language,Tiếng Anh 
650 |x Study and teaching,Dạy và học,Comprehension,Hiểu 
904 |i Mai chuyển số pL từ 428.24 thành 428.34 
980 |a Trung tâm Học liệu Trường Đại học Cần Thơ